About children with malformative fecal incontinence and their relationships with their families (notice n° 1732907)

détails MARC
000 -LEADER
fixed length control field 01231cam a2200193 4500500
005 - DATE AND TIME OF LATEST TRANSACTION
control field 20260322003532.0
041 ## - LANGUAGE CODE
Language code of text/sound track or separate title fre
042 ## - AUTHENTICATION CODE
Authentication code dc
100 10 - MAIN ENTRY--PERSONAL NAME
Personal name Disnan, Giulia
Relator term author
245 00 - TITLE STATEMENT
Title About children with malformative fecal incontinence and their relationships with their families
260 ## - PUBLICATION, DISTRIBUTION, ETC.
Date of publication, distribution, etc. 2025.<br/>
500 ## - GENERAL NOTE
General note 58
520 ## - SUMMARY, ETC.
Summary, etc. The psychological implications of malformative fecal incontinence have been the subject of very few scientific studies, both in adults and children. The singular bodily experience induced by these conditions and their medical-surgical treatments is likely to have a significant impact on family relationships. This article examines this clinical context, with a specific focus on the relational modalities developed by these children with their parents. The questions raised are currently being explored as part of an ongoing doctoral research project.
700 10 - ADDED ENTRY--PERSONAL NAME
Personal name Crétolle, Célia
Relator term author
700 10 - ADDED ENTRY--PERSONAL NAME
Personal name Sarnacki, Sabine
Relator term author
700 10 - ADDED ENTRY--PERSONAL NAME
Personal name Gueniche, Karinne
Relator term author
786 0# - DATA SOURCE ENTRY
Note La psychiatrie de l’enfant | 68 | 2 | 2025-10-03 | p. 319-331 | 0079-726X
856 41 - ELECTRONIC LOCATION AND ACCESS
Uniform Resource Identifier <a href="https://shs.cairn.info/journal-la-psychiatrie-de-lenfant-2025-2-page-319?lang=en&redirect-ssocas=7080">https://shs.cairn.info/journal-la-psychiatrie-de-lenfant-2025-2-page-319?lang=en&redirect-ssocas=7080</a>

Pas d'exemplaire disponible.

PLUDOC

PLUDOC est la plateforme unique et centralisée de gestion des bibliothèques physiques et numériques de Guinée administré par le CEDUST. Elle est la plus grande base de données de ressources documentaires pour les Étudiants, Enseignants chercheurs et Chercheurs de Guinée.

Adresse

627 919 101/664 919 101

25 boulevard du commerce
Kaloum, Conakry, Guinée

Réseaux sociaux

Powered by Netsen Group @ 2025